Normal view MARC view
  • William Wells Sandra Mariarty John Burnett

Entry Personal Name

Number of records used in: 1

001 - CONTROL NUMBER

  • control field: 588

003 - CONTROL NUMBER IDENTIFIER

  • control field: OSt

005 - DATE AND TIME OF LATEST TRANSACTION

  • control field: 20160513144051.0

008 - FIXED-LENGTH DATA ELEMENTS

  • fixed length control field: 160513|| aca||aabn | a|a d

040 ## - CATALOGING SOURCE

  • Original cataloging agency: OSt
  • Transcribing agency: OSt

100 ## - HEADING--PERSONAL NAME

  • Personal name: William Wells Sandra Mariarty John Burnett

670 ## - SOURCE DATA FOUND

  • Source citation: Work cat.: (OSt): William Wells Sandra Mariarty John Burnett, Advertishing Principles and Practice, 2006